Statistics for Countries of the World Quiz in 10 Minutes

Click here to take the quiz!

General Stats

  • This quiz has been taken 5,654 times
  • The average score is 101 of 196

Answers on the Map

Answers color-coded by a green-red scale on the quiz's map according to % correct below.
Loading ...
 

Answer Stats

Country% Correct
Canada
97%
Russia
97%
United States
97%
China
96%
United Kingdom
96%
France
95%
Mexico
95%
Australia
94%
Brazil
94%
Italy
94%
Spain
93%
Germany
92%
India
92%
Japan
91%
Argentina
88%
Iceland
88%
Ireland
88%
Portugal
87%
South Africa
87%
Sweden
87%
Chile
86%
Egypt
86%
Finland
85%
North Korea
84%
Norway
84%
South Korea
84%
Turkey
84%
Greece
83%
Poland
83%
Denmark
82%
Ukraine
82%
New Zealand
80%
Iran
78%
Madagascar
78%
Niger
77%
Pakistan
76%
Peru
76%
Mongolia
75%
Colombia
74%
Iraq
74%
Switzerland
73%
Austria
72%
Belgium
72%
Cuba
72%
Morocco
72%
Netherlands
72%
Saudi Arabia
72%
Indonesia
71%
Thailand
68%
Afghanistan
67%
Kazakhstan
67%
Nigeria
67%
Democratic Republic
of the Congo
65%
Vietnam
65%
Algeria
64%
Israel
64%
Romania
64%
Uruguay
63%
Venezuela
63%
Bolivia
62%
Croatia
61%
Hungary
61%
Philippines
61%
Republic of the Congo
61%
Panama
60%
Sudan
60%
Paraguay
59%
Belarus
58%
Chad
58%
Estonia
58%
Latvia
58%
Lithuania
58%
United Arab Emirates
58%
Yemen
58%
Libya
57%
Nepal
57%
Slovakia
56%
Somalia
56%
Albania
55%
Czech Republic
55%
Ecuador
55%
Ethiopia
55%
Jamaica
55%
Oman
55%
Kenya
54%
Syria
54%
Bulgaria
53%
Sri Lanka
53%
Papua New Guinea
52%
Haiti
51%
Serbia
51%
Dominica
50%
Jordan
50%
Laos
50%
Malaysia
50%
Bangladesh
49%
Bosnia and
Herzegovina
49%
Costa Rica
49%
Slovenia
49%
Tunisia
49%
Dominican Republic
48%
Cambodia
47%
Ghana
47%
Luxembourg
47%
South Sudan
47%
Taiwan
47%
Uzbekistan
47%
Zimbabwe
47%
Georgia
46%
Honduras
46%
Mali
46%
Cyprus
45%
Guatemala
44%
Vatican City
44%
North Macedonia
43%
Turkmenistan
43%
Angola
42%
Bahamas
42%
Myanmar
42%
Qatar
42%
Armenia
41%
El Salvador
41%
Lebanon
40%
Moldova
40%
Andorra
39%
Azerbaijan
39%
Malta
39%
Nicaragua
39%
Singapore
39%
Fiji
38%
Tanzania
38%
Belize
37%
Botswana
37%
Guinea
37%
Guyana
37%
Uganda
37%
Zambia
37%
Bhutan
36%
Central African Republic
36%
Ivory Coast
36%
Kosovo
36%
Suriname
36%
Monaco
35%
Montenegro
35%
Mozambique
35%
Namibia
35%
Senegal
35%
Cameroon
34%
Tajikistan
33%
Kuwait
32%
Lesotho
32%
Liberia
32%
Liechtenstein
31%
Maldives
31%
Rwanda
31%
Togo
31%
Eritrea
30%
Kyrgyzstan
30%
San Marino
29%
Barbados
28%
Mauritania
28%
Eswatini
27%
Trinidad and Tobago
27%
Bahrain
26%
Benin
26%
Gabon
26%
Malawi
25%
Sierra Leone
25%
Djibouti
24%
Gambia
24%
Seychelles
23%
Burkina Faso
22%
Mauritius
22%
Brunei
21%
Burundi
21%
Cape Verde
21%
Equatorial Guinea
21%
Federated States of
Micronesia
21%
Saint Lucia
21%
Tonga
21%
Samoa
20%
Antigua and Barbuda
19%
Guinea-Bissau
18%
Saint Kitts and Nevis
18%
Solomon Islands
18%
East Timor
17%
Marshall Islands
17%
Tuvalu
17%
Comoros
16%
Grenada
16%
Kiribati
16%
Palau
16%
Saint Vincent and the
Grenadines
16%
Vanuatu
16%
Nauru
15%
São Tomé and Príncipe
15%

Score Distribution

Percentile by Number Answered

Percent of People with Each Score

Your Score History

You have not taken this quiz